000 00785nam a2200241Ia 4500
003 OSt
005 20230525170110.0
008 210423s2016 xx 000 0 und d
020 _a978-93-325-5870-0
040 _cAL
041 _aeng
082 _a032.02
_223
_bTHOG
100 _aTHORPE (Edgar);THORPE (Showick)
_9114426
245 _aGeneral wtudies: paper-1 for civil services preliminary examintion: Vol 3 geography and environmental ecology
260 _aDelhi
_bPearson
_c2016
300 _avi,3.418
_bPB
365 _b270
_cINR
440 _v3
650 _aGeneral
_9114427
650 _aGeneral Knowledge
_9114428
906 _acivil ; ecology ; environmental ; examintion ; General ; Geography ; preliminary ; services ; Studies:paper-1 ; Vol.3
942 _2ddc
_cBK
999 _c167465
_d167465